Final Fantasy XIV Dungeons - Statistics

General Stats
  • This quiz has been taken 85 times
    11 since last reset
  • The average score is 60 of 101
Answer Stats
Expansion Answer % Correct
A Realm Reborn Sastasha
83%
A Realm Reborn Sastasha (Hard)
83%
A Realm Reborn The Aurum Vale
83%
A Realm Reborn The Tam-Tara Deepcroft
83%
A Realm Reborn The Tam-Tara Deepcroft (Hard)
83%
Shadowbringers Akadaemia Anyder
67%
Stormblood Ala Mhigo
67%
Shadowbringers Amaurot
67%
A Realm Reborn Amdapor Keep
67%
A Realm Reborn Amdapor Keep (Hard)
67%
Shadowbringers Anamnesis Anyder
67%
Stormblood Bardam's Mettle
67%
A Realm Reborn Brayflox's Longstop
67%
A Realm Reborn Brayflox's Longstop (Hard)
67%
Stormblood Castrum Abania
67%
A Realm Reborn Castrum Meridianum
67%
A Realm Reborn Copperbell Mines
67%
A Realm Reborn Copperbell Mines (Hard)
67%
A Realm Reborn Cutter's Cry
67%
Shadowbringers Dohn Mheg
67%
Stormblood Doma Castle
67%
A Realm Reborn Dzemael Darkhold
67%
A Realm Reborn Halatali
67%
A Realm Reborn Halatali (Hard)
67%
A Realm Reborn Haukke Manor
67%
A Realm Reborn Haukke Manor (Hard)
67%
Stormblood Hells' Lid
67%
Shadowbringers Holminster Switch
67%
Stormblood Kugane Castle
67%
Shadowbringers Malikah's Well
67%
Shadowbringers Matoya's Relict
67%
Shadowbringers Mt. Gulg
67%
A Realm Reborn Pharos Sirius
67%
Heavensward Pharos Sirius (Hard)
67%
Heavensward Saint Mocianne's Arboretum
67%
Stormblood Saint Mocianne's Arboretum (Hard)
67%
Stormblood Shisui of the Violet Tides
67%
A Realm Reborn Snowcloak
67%
Heavensward Sohm Al
67%
Heavensward Sohm Al (Hard)
67%
Heavensward Sohr Khai
67%
Heavensward The Aery
67%
Heavensward The Aetherochemical Research Facility
67%
Heavensward The Antitower
67%
Stormblood The Burn
67%
Endwalker The Dead Ends
67%
Stormblood The Drowned City of Skalla
67%
Heavensward The Dusk Vigil
67%
Heavensward The Fractal Continuum
67%
Stormblood The Fractal Continuum (Hard)
67%
Stormblood The Ghimlyt Dark
67%
Shadowbringers The Grand Cosmos
67%
Heavensward The Great Gubal Library
67%
Heavensward The Great Gubal Library (Hard)
67%
Shadowbringers The Heroes' Gauntlet
67%
A Realm Reborn The Keeper of the Lake
67%
A Realm Reborn The Lost City of Amdapor
67%
Heavensward The Lost City of Amdapor (Hard)
67%
A Realm Reborn The Praetorium
67%
Shadowbringers The Qitana Ravel
67%
Stormblood The Sirensong Sea
67%
A Realm Reborn The Stone Vigil
67%
A Realm Reborn The Stone Vigil (Hard)
67%
A Realm Reborn The Thousand Maws of Toto-Rak
67%
Endwalker The Tower of Babil
67%
Endwalker The Tower of Zot
67%
Shadowbringers The Twinning
67%
Heavensward The Vault
67%
A Realm Reborn The Wanderer's Palace
67%
A Realm Reborn The Wanderer's Palace (Hard)
67%
Heavensward Xelphatol
67%
Heavensward Baelsar's Wall
50%
A Realm Reborn Hullbreaker Isle
50%
Heavensward Hullbreaker Isle (Hard)
50%
Endwalker Ktisis Hyperboreia
50%
Heavensward Neverreap
50%
Endwalker Smileton
50%
Endwalker The Aetherfont
50%
Endwalker The Aitiascope
50%
Endwalker The Fell Court of Troia
50%
A Realm Reborn The Sunken Temple of Qarn
50%
A Realm Reborn The Sunken Temple of Qarn (Hard)
50%
Stormblood The Swallow's Compass
50%
Stormblood The Temple of the Fist
50%
Dawntrail The Underkeep
50%
Endwalker Vanaspati
50%
Endwalker Alzadaal's Legacy
33%
Endwalker Lapis Manalis
33%
Dawntrail Tender Valley
33%
Endwalker The Lunar Subterrane
33%
Dawntrail The Meso Terminal
33%
Endwalker The Stigma Dreamscape
33%
Dawntrail Vanguard
33%
Dawntrail Yuweyawata Field Station
33%
Dawntrail Alexandria
17%
Dawntrail Ihuykatumu
17%
Dawntrail Origenics
17%
Shadowbringers Paglth'an
17%
Dawntrail The Skydeep Cenote
17%
Dawntrail The Strayborough Deadwalk
17%
Dawntrail Worqor Zormor
17%
No matching quizzes found
Score Distribution
Percent of People with Each Score
Percentile by Number Answered
Your Score History
You have not taken this quiz since the last reset